| 000 | 00491nam a2200181Ia 4500 | ||
|---|---|---|---|
| 008 | 140609s9999 xx 000 0 und d | ||
| 020 | _a9780470546642 | ||
| 050 |
_aPE 1112.3 _b.W66 2010 |
||
| 100 | _aWoods, Geraldine. | ||
| 245 |
_aEnglish grammar for dummies / _cGeraldine Woods, |
||
| 250 | _a2nd ed. | ||
| 260 |
_aIndiana : _bWiley Pub., Inc., _cc2010. |
||
| 300 |
_a368 p. : _bill. ; _c24 cm. |
||
| 500 | _aIncludes index. | ||
| 521 | _aGE | ||
| 942 |
_kFOR _cBK |
||
| 999 |
_c118143 _d118143 |
||